| 000 | 00520nam a22001817a 4500 | ||
|---|---|---|---|
| 999 |
_c524731 _d524731 |
||
| 003 | NUST | ||
| 038 | _aNUST | ||
| 082 |
_a891.421 _bSAM |
||
| 100 |
_aSaminwy, Saqi _915525 |
||
| 245 |
_aKhali Jam / _cSaqi Saminwy. |
||
| 260 |
_aDaira Ghazi Khan. _bRice adeem Dalmistan Sahar, _c1993. |
||
| 300 |
_a120 p. ; _c18 cm. |
||
| 500 | _aPaperback. | ||
| 880 |
_6100-01\r _a.ساقی سمینوی |
||
| 880 |
_6245-02\r _a/ خالی جام |
||
| 880 |
_6260-03\r _a,رئسیں عدیم دلمستان سحر |
||
| 942 |
_2ddc _cBK |
||